From the top / (Record no. 8859)

MARC details
000 -LEADER
fixed length control field 00819nam a22002657a 4500
001 - CONTROL NUMBER
control field 8859
003 - CONTROL NUMBER IDENTIFIER
control field FISKH
005 - DATE AND TIME OF LATEST TRANSACTION
control field 20251023124732.0
008 - FIXED-LENGTH DATA ELEMENTS--GENERAL INFORMATION
fixed length control field 251023b cb ||||| |||| 00| 0 eng d
020 ## - INTERNATIONAL STANDARD BOOK NUMBER
International Standard Book Number 9780545345002
040 ## - CATALOGING SOURCE
Original cataloging agency FISKH
Language of cataloging eng
Transcribing agency FISKH
Modifying agency FISKH
050 ## - LIBRARY OF CONGRESS CALL NUMBER
Classification number PZ7.P535 B
082 ## - DEWEY DECIMAL CLASSIFICATION NUMBER
Classification number 741.5973
100 ## - MAIN ENTRY--PERSONAL NAME
Personal name Peirce, Lincoln
245 ## - TITLE STATEMENT
Title From the top /
Statement of responsibility, etc. By Lincoln Peirce
250 ## - EDITION STATEMENT
Edition statement First Scholastic printing, January 2011
260 ## - PUBLICATION, DISTRIBUTION, ETC.
Place of publication, distribution, etc. New York :
Name of publisher, distributor, etc. Scholastic ,
Date of publication, distribution, etc. 2010.
300 ## - PHYSICAL DESCRIPTION
Extent 223 pages :
Other physical details illustrations ;
Dimensions 23 cm .
490 ## - SERIES STATEMENT
Series statement Big nate
520 ## - SUMMARY, ETC.
Summary, etc. Nate Wright is an eleven years old sixth grader who has the distinction of setting the record for school detentions.
650 ## - SUBJECT ADDED ENTRY--TOPICAL TERM
Topical term or geographic name entry element Middle school
Form subdivision Fiction
650 ## - SUBJECT ADDED ENTRY--TOPICAL TERM
Topical term or geographic name entry element Big Nate
Form subdivision Fiction
942 ## - ADDED ENTRY ELEMENTS (KOHA)
Source of classification or shelving scheme Dewey Decimal Classification
Koha item type Books
Suppress in OPAC No
Holdings
Withdrawn status Lost status Source of classification or shelving scheme Damaged status Not for loan Collection Home library Current library Shelving location Date acquired Total Checkouts Full call number Barcode Date last seen Price effective from Koha item type
    Dewey Decimal Classification     Fiction Footprints International School Library Network Toul Tom Poung Campus Footprints International School Library Network Toul Tom Poung Campus TTP Comic Books all Levels 10/23/2025   PEI 741.5973 PZ7.P535 B FISSE02168 10/23/2025 10/23/2025 Books